Music Quiz

Random Music or Song Quiz

Catfish and the bottlemen - Red lyrics Quiz Stats

 Plays Quiz not verified by Sporcle

Score 0/204 Timer 07:00
0 Plays Today
Lyrics % Correct
Does
100%
he
100%
you
100%
you
100%
Does
100%
he
100%
love
100%
the
100%
Does
100%
he
100%
you
100%
the
100%
you
100%
he
100%
do
100%
I
100%
do
100%
you?
100%
I
100%
I
100%
you
100%
me
100%
Does
100%
he
100%
you
100%
the
100%
you
100%
Does
100%
he
100%
love
100%
the
100%
Does
100%
he
100%
you
100%
the
100%
Does
100%
he
100%
you
100%
the
100%
he
100%
do
100%
I
100%
do
100%
you?
100%
I've
100%
I
100%
you
100%
me
100%
the
100%
I
100%
you
100%
love
100%
me
100%
I
100%
you
100%
me
100%
the
100%
I
100%
you
100%
love
100%
me
100%
Me
100%
Me
100%
Me
100%
love
100%
me
100%
you
100%
I
100%
Lyrics % Correct
with
97.7%
what
97.7%
with
97.7%
what
97.7%
what
97.7%
with
97.7%
what
97.7%
and
95.3%
and
95.3%
the
95.3%
heart
93%
shaped
93%
you've
93%
done
93%
you've
93%
done
93%
again?
91.9%
How
91.9%
about
91.9%
about
91.9%
change?
91.9%
How
91.9%
place?
90.7%
take
90.7%
liquid
90.7%
after
90.7%
work?
90.7%
Can
90.7%
for
90.7%
How
90.7%
How
90.7%
look
90.7%
at
90.7%
in
90.7%
place?
90.7%
take
90.7%
liquid
90.7%
after
90.7%
work
90.7%
Can
90.7%
for
90.7%
How
90.7%
How
90.7%
at
90.7%
How
90.7%
How
90.7%
How
90.7%
How
90.7%
at
90.7%
How
90.7%
How
90.7%
at
89.2%
same?
89.2%
Hey?
89.2%
meet
88.4%
rooms
88.4%
about
88.4%
about
88.4%
rooms
88.4%
about
88.4%
about
88.4%
look
88.4%
about
88.4%
about
88.4%
again?
88.4%
about
88.4%
about
88.4%
look
88.4%
Lyrics % Correct
about
88.4%
about
88.4%
again?
88.4%
again
88.4%
again
88.4%
again
88.4%
never
86%
to
86%
thinking
86%
this
86%
****
86%
on
86%
thinking
86%
this
86%
****
86%
same?
86%
same?
86%
everything
83.7%
pull
83.7%
through
83.7%
Hey?
83.7%
change?
83.7%
morning
83.7%
Hey?
83.7%
change?
83.7%
Hey?
83.7%
change?
83.7%
Hey?
83.7%
change?
83.7%
Hey?
83.7%
change?
83.7%
balloons
81.4%
away
81.4%
four
81.4%
good
81.4%
tables
81.4%
baby?
81.4%
away
81.4%
but
79.1%
it
79.1%
But
78.6%
But
78.6%
I've
76.7%
side
76.7%
yet
76.7%
I've
76.7%
goes
74.4%
makes
74.4%
not
74.4%
come
74.4%
That
74.4%
his
74.4%
not
74.4%
come
74.4%
Just
72.1%
worse
72.1%
since
72.1%
just
72.1%
haven't
72.1%
seen
72.1%
since
72.1%
Offer
69.8%
stopped
69.8%
stopped
69.8%
assure
67.4%
join
67.4%
then
65.1%
unwind
60.5%

You're not logged in!

Compare scores with friends on all Sporcle quizzes.
Join for Free
OR
Log In

You Might Also Like...

Show Comments

Extras

Created Nov 24, 2016ReportNominate
Tags:Song Quiz, red

Top Quizzes Today


Score Distribution

Your Account Isn't Verified!

In order to create a playlist on Sporcle, you need to verify the email address you used during registration. Go to your Sporcle Settings to finish the process.

Report this User

Report this user for behavior that violates our Community Guidelines.

Details: